[Event "56th ch-CUB 2019"]
[Site "Santa Clara CUB"]
[Date "2019.02.09"]
[Round "7.6"]
[White "Espinosa Veloz, Ermes"]
[Black "Quesada Perez, Yasser"]
[Result "0-1"]
[WhiteTitle "GM"]
[BlackTitle "GM"]
[WhiteElo "2516"]
[BlackElo "2538"]
[WhiteFideId "3507424"]
[BlackFideId "3509362"]
[EventDate "2019.02.03"]
[EventType "tourn"]

1. d4 d5 2. c4 dxc4 3. e4 Nf6 4. e5 Nd5 5. Bxc4 Bf5 6. Ne2 e6 7. Nbc3 Nb6 8. Bb3
Nc6 9. O-O Qd7 10. Be3 O-O-O 11. Rc1 Kb8 12. Na4 f6 13. Nxb6 axb6 14. Ba4 fxe5
15. Bb5 Qd5 16. Nc3 Qd6 17. Bxc6 bxc6 18. dxe5 Qxd1 19. Rfxd1 Be7 20. f3 c5 21.
Kf2 Rxd1 22. Rxd1 Rd8 23. Rxd8+ Bxd8 24. Ne2 Bb1 25. Nc3 Bg6 26. Ne2 Kc8 27. g3
Kd7 28. h4 c6 29. Nf4 Bf7 30. Bd2 Bc7 31. Bc3 c4 32. g4 b5 33. Bd4 c5 34. Bxc5
Bxe5 35. Ne2 Bxb2 36. Bd4 Bxd4+ 37. Nxd4 b4 38. Ke3 e5 39. Ne2 Bg6 40. Nc1 Bb1
41. f4 exf4+ 42. Kxf4 Kd6 43. g5 Kd5 44. Ke3 g6 0-1

[Event "56th ch-CUB 2019"]
[Site "Santa Clara CUB"]
[Date "2019.02.10"]
[Round "8.1"]
[White "Albornoz Cabrera, Carlos Daniel"]
[Black "Quesada Perez, Yasser"]
[Result "1-0"]
[WhiteTitle "IM"]
[BlackTitle "GM"]
[WhiteElo "2577"]
[BlackElo "2538"]
[WhiteFideId "3518736"]
[BlackFideId "3509362"]
[EventDate "2019.02.03"]
[EventType "tourn"]

1. Nf3 d5 2. c4 e6 3. d4 a6 4. cxd5 exd5 5. Nc3 Nf6 6. Bg5 Be6 7. e3 Nbd7 8. Bd3
Bd6 9. O-O c6 10. Bf4 Qb8 11. Bxd6 Qxd6 12. h3 O-O 13. Qc2 a5 14. Ne2 Rfe8 15.
Nf4 Ne4 16. Bxe4 dxe4 17. Nd2 Nf6 18. Rfc1 a4 19. Nxe4 Nxe4 20. Qxe4 Bxh3 21.
Qd3 Bd7 22. Qa3 Qf6 23. Qb4 Reb8 24. Qb6 Ra6 25. Qc7 Qd8 26. Qe5 g6 27. Rc5 b6
28. Rc4 Ra5 29. Qd6 h5 30. Rac1 Be8 31. Qa3 Rba8 32. e4 Qg5 33. Qf3 Bd7 34. d5
Bg4 35. Qe3 cxd5 36. exd5 Rb5 37. Rc7 Rd8 38. Qd4 Bd7 39. Re1 Kh7 40. Re5 Rb4
41. Qxb4 Qxe5 42. Rb7 b5 43. g3 h4 44. Ne6 Bxe6 45. Qxh4+ Kg7 46. dxe6 Qe1+ 47.
Kg2 Qxe6 48. Rxf7+ Qxf7 49. Qxd8 Qxa2 50. Qd4+ Kh7 51. Qh4+ Kg7 52. Qe7+ Kh6 53.
Qh4+ Kg7 54. Qd4+ Kh7 55. Qd7+ Kh6 56. Qxb5 a3 57. bxa3 Qxa3 58. Qd7 Qa8+ 59. f3
Qa2+ 60. Kh3 Qe2 61. Qd5 Qe7 62. Kg4 Kh7 63. Qg5 Qd7+ 64. Kh4 Qb7 65. Qf6 Qd7
66. g4 Qc7 67. f4 Qb7 68. Qe5 Qh1+ 69. Kg5 Qh6+ 70. Kf6 Qf8+ 71. Ke6 Qe8+ 72.
Kd6 Qd8+ 73. Kc6 Kh6 74. g5+ Kh5 75. Qd6 Qc8+ 76. Kd5 Qf5+ 77. Kd4 Qf7 78. Ke3
Qb3+ 79. Qd3 Qe6+ 80. Kf2 Qb6+ 81. Qe3 Qb2+ 82. Kg3 Qb3 83. Qf3+ 1-0

[Event "56th ch-CUB 2019"]
[Site "Santa Clara CUB"]
[Date "2019.02.10"]
[Round "8.2"]
[White "Almeida Quintana, Omar"]
[Black "Espinosa Veloz, Ermes"]
[Result "0-1"]
[WhiteTitle "GM"]
[BlackTitle "GM"]
[WhiteElo "2550"]
[BlackElo "2516"]
[WhiteFideId "3503313"]
[BlackFideId "3507424"]
[EventDate "2019.02.03"]
[EventType "tourn"]

1. d4 Nf6 2. c4 g6 3. Nc3 d5 4. cxd5 Nxd5 5. Bd2 Bg7 6. e4 Nxc3 7. Bxc3 O-O 8.
Bc4 c5 9. d5 Bxc3+ 10. bxc3 Qd6 11. Ne2 f5 12. exf5 Bxf5 13. O-O Nd7 14. Ng3 Nb6
15. Qe2 Qf4 16. Bb3 c4 17. Bc2 Bxc2 18. Qxc2 Nxd5 19. Rad1 Rad8 20. Rd4 Qc7 21.
Qe2 Qc6 22. Rxc4 Nxc3 23. Qg4 Qf6 24. Rc7 Rd4 25. Qf3 Qxf3 26. gxf3 Nd5 27. Rxb7
Ra4 28. Rd1 e6 29. Rd2 Rxf3 30. Re2 Rc3 31. h3 Rc7 32. Rb8+ Kg7 33. Kh2 Nc3 34.
Rxe6 Rxa2 35. Kg1 Rf7 36. Ra8 Raxf2 37. Ra6 Ra2 38. Rxa2 Nxa2 39. Ne4 Nb4 40.
Nd6 Rd7 41. Ne4 Nd5 42. Nc5 Re7 43. Kf2 Kh6 44. Rd8 Nf4 45. Kg3 Nh5+ 46. Kf3
Rf7+ 47. Kg2 Rc7 48. Nd3 a5 49. Kf3 Ra7 50. h4 a4 51. Ne5 a3 52. Rd1 a2 53. Ra1
Nf6 54. Nd3 Ra3 55. Ke2 Nd5 0-1

[Event "56th ch-CUB 2019"]
[Site "Santa Clara CUB"]
[Date "2019.02.10"]
[Round "8.3"]
[White "Fernandez Cardoso, Alexey"]
[Black "Ortiz Suarez, Isan Reynaldo"]
[Result "0-1"]
[WhiteTitle "IM"]
[BlackTitle "GM"]
[WhiteElo "2437"]
[BlackElo "2519"]
[WhiteFideId "3504379"]
[BlackFideId "3507165"]
[EventDate "2019.02.03"]
[EventType "tourn"]

1. e4 c5 2. Nf3 d6 3. d4 cxd4 4. Nxd4 Nf6 5. Nc3 a6 6. Bc4 e6 7. Bb3 b5 8. O-O
Be7 9. Qf3 Qb6 10. Be3 Qb7 11. Qg3 O-O 12. Bh6 Ne8 13. Rad1 Bf6 14. Kh1 b4 15.
Na4 Qxe4 16. Nb6 Bxd4 17. Nxc8 Nc6 18. c3 bxc3 19. bxc3 Rxc8 20. cxd4 Nxd4 21.
Bg5 Nxb3 22. axb3 f6 23. Bc1 Qc2 24. Qe3 e5 25. Ba3 Rc3 26. Qa7 Rd3 27. Ra1 Qxb3
28. Qxa6 Qd5 29. Qc8 f5 30. f3 f4 31. Bb4 Nf6 32. Qc7 Rd4 33. Ra7 Ne8 34. Qb6
Rd1 35. Ra1 Rxf1+ 36. Rxf1 h6 37. h3 Kh7 38. Rf2 Rf6 39. Qd8 Qb5 40. Ba3 Qa4 41.
Bb2 Rg6 42. Rd2 Qb4 43. Bc1 Qc4 44. Bb2 Nf6 45. Kh2 Qf1 46. Qc8 Nd5 47. Qc1 Ne3 0-1

[Event "56th ch-CUB 2019"]
[Site "Santa Clara CUB"]
[Date "2019.02.10"]
[Round "8.4"]
[White "Gonzalez Vidal, Yuri"]
[Black "Martinez Ramirez, Lennis"]
[Result "1-0"]
[WhiteTitle "GM"]
[BlackTitle "IM"]
[WhiteElo "2565"]
[BlackElo "2452"]
[WhiteFideId "3503321"]
[BlackFideId "3509079"]
[EventDate "2019.02.03"]
[EventType "tourn"]

1. Nf3 Nf6 2. c4 c6 3. g3 d5 4. Bg2 dxc4 5. O-O Nbd7 6. Na3 Nb6 7. Qc2 Qd5 8. b3
cxb3 9. axb3 Qh5 10. h4 Bg4 11. Bb2 Qf5 12. d3 Bh3 13. Nc4 Nxc4 14. bxc4 Bxg2
15. Kxg2 g6 16. Bd4 Bg7 17. Rfb1 Qc8 18. Rxa7 Rxa7 19. Bxa7 O-O 20. Qb3 b5 21.
cxb5 cxb5 22. Bd4 Qg4 23. Qxb5 Rd8 24. Qc4 Rc8 25. Qa2 e6 26. Qa6 Rf8 27. Qa1
Nh5 28. Bxg7 Nxg7 29. Qe5 Nf5 30. e4 Ng7 31. Rb8 Nh5 32. Ng5 Nf4+ 33. Qxf4 1-0

[Event "56th ch-CUB 2019"]
[Site "Santa Clara CUB"]
[Date "2019.02.10"]
[Round "8.5"]
[White "Garcia Pantoja, Roberto"]
[Black "Quesada Perez, Luis Ernesto"]
[Result "1/2-1/2"]
[WhiteTitle "IM"]
[BlackTitle "GM"]
[WhiteElo "2514"]
[BlackElo "2513"]
[WhiteFideId "3509265"]
[BlackFideId "3520773"]
[EventDate "2019.02.03"]
[EventType "tourn"]

1. e4 e6 2. d4 d5 3. Nc3 dxe4 4. Nxe4 Nd7 5. Nf3 Ngf6 6. Nxf6+ Nxf6 7. Be3 Nd5
8. Bg5 Be7 9. Bxe7 Qxe7 10. c3 O-O 11. Bd3 c5 1/2-1/2

[Event "56th ch-CUB 2019"]
[Site "Santa Clara CUB"]
[Date "2019.02.10"]
[Round "8.6"]
[White "Martinez Duany, Lelys Stanley"]
[Black "Hernandez Gonzalez, William"]
[Result "1-0"]
[WhiteTitle "GM"]
[BlackTitle "IM"]
[WhiteElo "2547"]
[BlackElo "2445"]
[WhiteFideId "3504727"]
[BlackFideId "3509915"]
[EventDate "2019.02.03"]
[EventType "tourn"]

1. e4 c5 2. Nf3 d6 3. d3 Nc6 4. g3 g6 5. Bg2 Bg7 6. O-O e5 7. Nc3 Nge7 8. Nh4
O-O 9. f4 exf4 10. Bxf4 Nd4 11. Qd2 Be6 12. Rf2 Nec6 13. Bh6 Ne5 14. h3 Qd7 15.
Bxg7 Kxg7 16. Kh2 f6 17. Raf1 Rae8 18. Nd5 Bxd5 19. exd5 Nb5 20. b3 Nc7 21. c3
Qd8 22. c4 b6 23. Bh1 f5 24. Ng2 h5 25. Nh4 Rf7 26. Bg2 Ref8 27. d4 cxd4 28.
Qxd4 Qf6 29. Kh1 Kg8 30. Qd2 Na6 31. Be4 Nc5 32. Bb1 Qe7 33. Qh6 Qf6 34. Re2
Ncd7 35. Nf3 Rh7 36. Qf4 Re7 37. Ng5 Nc5 38. Re3 Nf7 39. Rxe7 Qxe7 40. Nf3 Nd7
41. Nd4 Nde5 42. Ne6 Re8 43. Bc2 Nd8 44. Nd4 Qf6 45. Re1 Re7 46. Re3 Nef7 47.
Kg2 Rxe3 48. Qxe3 Ne5 49. Qf4 Qe7 50. Kf1 Ndf7 51. Ne6 Qf6 52. Ke2 Qe7 53. Ke3
Qb7 54. Qh4 Kh7 55. Qf6 Nh6 56. Qd8 Ng8 57. Qxd6 1-0

[Event "56th ch-CUB 2019"]
[Site "Santa Clara CUB"]
[Date "2019.02.11"]
[Round "9.1"]
[White "Hernandez Gonzalez, William"]
[Black "Albornoz Cabrera, Carlos Daniel"]
[Result "1/2-1/2"]
[WhiteTitle "IM"]
[BlackTitle "IM"]
[WhiteElo "2445"]
[BlackElo "2577"]
[WhiteFideId "3509915"]
[BlackFideId "3518736"]
[EventDate "2019.02.03"]
[EventType "tourn"]

1. e4 c5 2. Nf3 Nc6 3. Bb5 d6 4. d4 cxd4 5. Qxd4 Bd7 6. Bxc6 Bxc6 7. Nc3 Nf6 8.
Bg5 e6 9. O-O-O Be7 10. Qd3 Qa5 11. h4 h6 12. Bd2 Qa6 13. Nd4 Qxd3 14. cxd3 Ng4
15. Be1 Bd7 16. f3 Ne5 17. Bg3 h5 18. Kb1 O-O 19. Nc2 b5 20. Ne3 b4 21. Ne2 Bb5
22. Nf4 g6 23. Bf2 Rfc8 24. b3 a5 25. Nc4 Ra6 26. Bd4 Nd7 27. Bb2 a4 28. g4 hxg4
29. fxg4 axb3 30. axb3 Bf6 31. g5 Bxb2 32. Kxb2 Nc5 33. Ra1 Rca8 34. Nxd6 Rxa1
35. Rxa1 Rxa1 36. Kxa1 Nxb3+ 37. Kb2 Ba4 38. Nc4 Nd4 39. Ne5 Bd1 40. Ng2 Kg7 41.
Ne3 Ba4 42. N3g4 Ne2 43. Nf3 Nf4 44. Ne1 Kf8 45. e5 Ne2 46. Ne3 Nd4 47. Nc4 Ke7
48. Nd6 Nf5 49. Ne4 Nd4 50. Nc5 Bd1 51. Kc1 Bf3 52. Na6 b3 53. Kb2 Bd5 54. Nc5
Kd8 55. Ne4 Ke7 56. Kc3 Nf5 57. Nd2 Nxh4 58. Nxb3 Nf5 59. Nc5 Ne3 60. Kd4 Nf5+
61. Kc3 Ng3 62. Kd2 Kd8 63. Nc2 Nf5 64. Ne4 Kc7 65. Nf6 Kc6 66. Ng4 Kd7 67. Nh6
Nh4 68. Ne1 Ke7 69. Ke3 Kf8 70. Kf4 Kg7 71. Kg3 Nf5+ 72. Nxf5+ gxf5 73. Kf4 Kg6
74. Nc2 Kg7 75. Nb4 Bb7 76. d4 Kg6 77. Nd3 Be4 78. Nc5 Bc6 1/2-1/2

[Event "56th ch-CUB 2019"]
[Site "Santa Clara CUB"]
[Date "2019.02.11"]
[Round "9.2"]
[White "Quesada Perez, Luis Ernesto"]
[Black "Martinez Duany, Lelys Stanley"]
[Result "1/2-1/2"]
[WhiteTitle "GM"]
[BlackTitle "GM"]
[WhiteElo "2513"]
[BlackElo "2547"]
[WhiteFideId "3520773"]
[BlackFideId "3504727"]
[EventDate "2019.02.03"]
[EventType "tourn"]

1. c4 g6 2. g3 Bg7 3. Bg2 e5 4. Nc3 Ne7 5. d3 c6 6. e4 d6 7. Nge2 Be6 8. O-O a6
9. a4 a5 10. b3 Na6 11. d4 O-O 12. Bg5 exd4 13. Nxd4 Nc5 14. Rb1 Re8 15. Be3 Qd7
16. Qc2 Bh3 17. Rfd1 Bxg2 18. Kxg2 Qc7 19. h4 Nc8 20. h5 Qe7 21. hxg6 hxg6 22.
f3 Nb6 23. Nde2 Rad8 24. Rd2 d5 25. cxd5 cxd5 26. Nxd5 Rxd5 27. Rxd5 Nxd5 28.
Bxc5 Rc8 29. exd5 Qxc5 30. Qd3 Re8 31. Rd1 Re3 32. Qd2 Rxb3 33. d6 Rb2 34. Qd3
Bf6 35. Rd2 Rxd2 36. Qxd2 Qb4 37. Qd1 Kf8 38. d7 Bd8 39. Nf4 g5 40. Qe2 Qe7 41.
Qb2 Qxd7 42. Qh8+ Ke7 43. Qe5+ 1/2-1/2

[Event "56th ch-CUB 2019"]
[Site "Santa Clara CUB"]
[Date "2019.02.11"]
[Round "9.3"]
[White "Martinez Ramirez, Lennis"]
[Black "Garcia Pantoja, Roberto"]
[Result "0-1"]
[WhiteTitle "IM"]
[BlackTitle "IM"]
[WhiteElo "2452"]
[BlackElo "2514"]
[WhiteFideId "3509079"]
[BlackFideId "3509265"]
[EventDate "2019.02.03"]
[EventType "tourn"]

1. c4 e5 2. Nc3 Nc6 3. g3 Bc5 4. Bg2 a6 5. a3 d6 6. e3 Ba7 7. Nge2 h5 8. h4 Nge7
9. b4 Bg4 10. Rb1 O-O 11. Bb2 Qd7 12. Ba1 Rab8 13. a4 a5 14. bxa5 Nxa5 15. d3
Nac6 16. Rb5 Bb6 17. O-O Bh3 18. Bxh3 Qxh3 19. Ne4 Rbd8 20. N2c3 Qf5 21. Kg2 Qg6
22. Nd5 Nxd5 23. cxd5 Na7 24. Rb3 Ra8 25. Ng5 Nc8 26. Rb4 Ne7 27. Qf3 Qxd3 28.
Qxh5 Nxd5 29. e4 Nf6 30. Qd1 Qxd1 31. Rxd1 Ra7 32. Rxb6 cxb6 33. Rxd6 Rxa4 34.
Bxe5 Ne8 35. Rxb6 f6 36. Ne6 fxe5 37. Nxf8 Kxf8 38. Kf3 Nf6 39. Rxb7 Rxe4 0-1

[Event "56th ch-CUB 2019"]
[Site "Santa Clara CUB"]
[Date "2019.02.11"]
[Round "9.4"]
[White "Ortiz Suarez, Isan Reynaldo"]
[Black "Gonzalez Vidal, Yuri"]
[Result "1/2-1/2"]
[WhiteTitle "GM"]
[BlackTitle "GM"]
[WhiteElo "2519"]
[BlackElo "2565"]
[WhiteFideId "3507165"]
[BlackFideId "3503321"]
[EventDate "2019.02.03"]
[EventType "tourn"]

1. Nf3 Nf6 2. g3 d5 3. Bg2 e6 4. O-O c5 5. c4 dxc4 6. Qa4+ Bd7 7. Qxc4 Bc6 8.
Nc3 Nbd7 9. e4 b5 10. Nxb5 Bxe4 11. Nc3 Bb7 12. d4 Rc8 13. Bg5 Be7 14. Rfd1 O-O
15. Qb3 Rb8 16. Qc2 Nd5 17. Nxd5 Bxd5 18. Bf4 Rc8 19. Qa4 cxd4 20. Nxd4 Rc4 21.
Qa6 Qb6 22. Qxb6 Nxb6 23. b3 Rc5 24. Rac1 Rfc8 25. Bf1 a5 26. Rxc5 Bxc5 27. Be3
a4 28. Rb1 axb3 29. axb3 Nd7 30. b4 Rb8 31. b5 Ne5 32. Bg2 Bxd4 33. Bxd4 Nf3+
34. Bxf3 Bxf3 35. b6 f6 36. Bc5 Bb7 1/2-1/2

[Event "56th ch-CUB 2019"]
[Site "Santa Clara CUB"]
[Date "2019.02.11"]
[Round "9.5"]
[White "Espinosa Veloz, Ermes"]
[Black "Fernandez Cardoso, Alexey"]
[Result "1-0"]
[WhiteTitle "GM"]
[BlackTitle "IM"]
[WhiteElo "2516"]
[BlackElo "2437"]
[WhiteFideId "3507424"]
[BlackFideId "3504379"]
[EventDate "2019.02.03"]
[EventType "tourn"]

1. d4 Nf6 2. c4 g6 3. Nc3 Bg7 4. e4 d6 5. Nf3 O-O 6. Be2 e5 7. O-O Nc6 8. d5 Ne7
9. Ne1 Nd7 10. Nd3 f5 11. f3 f4 12. b4 g5 13. c5 Nf6 14. a4 h5 15. Nf2 Rf7 16.
a5 Bf8 17. c6 Rg7 18. cxb7 Bxb7 19. b5 Bc8 20. h3 Ng6 21. Na2 g4 22. fxg4 hxg4
23. hxg4 Nh4 24. Nb4 Nh5 25. gxh5 Rxg2+ 26. Kh1 Rg3 27. Rg1 Nf3 28. Rxg3+ fxg3
29. Kg2 Qh4 30. Kxf3 gxf2 31. Qf1 Bg4+ 32. Ke3 Bh6+ 33. Kd3 Bxe2+ 34. Qxe2 Qh3+
35. Be3 Rf8 36. Kd2 Bxe3+ 37. Qxe3 Qxe3+ 38. Kxe3 f1=Q 39. Rxf1 Rxf1 40. Nc6 Ra1
41. a6 Kg7 42. Nxa7 Kh6 43. Nc6 Kxh5 44. Kd3 Kg5 45. Nd8 Ra3+ 46. Kc4 Kf6 47.
Ne6 c6 48. dxc6 Kxe6 49. b6 Rxa6 50. Kb5 Ra1 51. b7 Rb1+ 52. Ka6 d5 53. c7 1-0

[Event "56th ch-CUB 2019"]
[Site "Santa Clara CUB"]
[Date "2019.02.11"]
[Round "9.6"]
[White "Quesada Perez, Yasser"]
[Black "Almeida Quintana, Omar"]
[Result "1/2-1/2"]
[WhiteTitle "GM"]
[BlackTitle "GM"]
[WhiteElo "2538"]
[BlackElo "2550"]
[WhiteFideId "3509362"]
[BlackFideId "3503313"]
[EventDate "2019.02.03"]
[EventType "tourn"]

1. e4 g6 2. d4 Bg7 3. Nf3 d6 4. Bc4 Nf6 5. Nbd2 O-O 6. Bb3 Nc6 7. c3 e5 8. dxe5
Nxe5 9. Nxe5 dxe5 10. O-O Qe7 11. Qe2 Be6 1/2-1/2

[Event "56th ch-CUB 2019"]
[Site "Santa Clara CUB"]
[Date "2019.02.12"]
[Round "10.1"]
[White "Albornoz Cabrera, Carlos Daniel"]
[Black "Almeida Quintana, Omar"]
[Result "1/2-1/2"]
[WhiteTitle "IM"]
[BlackTitle "GM"]
[WhiteElo "2577"]
[BlackElo "2550"]
[WhiteFideId "3518736"]
[BlackFideId "3503313"]
[EventDate "2019.02.03"]
[EventType "tourn"]

1. e4 d6 2. d4 Nf6 3. Nc3 g6 4. f4 Bg7 5. Nf3 c5 6. dxc5 Qa5 7. Qe2 Qxc5 8. Be3
Qa5 9. Qb5+ Qxb5 10. Bxb5+ Bd7 11. Bxd7+ Nbxd7 12. O-O-O Nb6 13. h3 Nfd7 14. Bd4
O-O 15. Bxg7 Kxg7 16. g4 Rac8 17. g5 Rc5 18. h4 h5 19. Nd4 Rfc8 20. f5 Re5 21.
Rhf1 Rc4 22. Rf4 a6 23. Nce2 Rc8 24. Rdf1 d5 25. Ng3 dxe4 26. Rxe4 Rxe4 27. Nxe4
Nd5 28. fxg6 Kxg6 29. c3 Nc5 30. Nxc5 Rxc5 31. Re1 e6 32. Kd2 Nf4 33. Rf1 e5 34.
Ne2 Rd5+ 35. Ke3 Rd3+ 36. Ke4 Rd2 37. Nxf4+ exf4 38. b4 Rxa2 39. Rxf4 a5 40.
bxa5 Ra4+ 41. Ke3 Rxa5 42. Rf6+ Kg7 43. Rh6 Ra3 44. Kd2 b5 45. Kc2 Ra4 46. Rxh5
b4 47. Rh6 bxc3 48. Kxc3 f6 1/2-1/2

[Event "56th ch-CUB 2019"]
[Site "Santa Clara CUB"]
[Date "2019.02.12"]
[Round "10.2"]
[White "Fernandez Cardoso, Alexey"]
[Black "Quesada Perez, Yasser"]
[Result "1-0"]
[WhiteTitle "IM"]
[BlackTitle "GM"]
[WhiteElo "2437"]
[BlackElo "2538"]
[WhiteFideId "3504379"]
[BlackFideId "3509362"]
[EventDate "2019.02.03"]
[EventType "tourn"]

1. e4 e5 2. Nf3 Nc6 3. Bb5 a6 4. Ba4 b5 5. Bb3 g6 6. c3 Bg7 7. a4 b4 8. d4 exd4
9. cxd4 Nge7 10. a5 d5 11. exd5 Nxd5 12. Bg5 f6 13. Qe2+ Nce7 14. Bd2 Rb8 15.
Bc4 Qd6 16. O-O Bb7 17. Re1 Kf8 18. Qd3 Nf5 19. Qb3 g5 20. Bd3 Nfe7 21. Bxg5
fxg5 22. Nxg5 Bh6 23. Ne6+ Kf7 24. Nc5 Bc8 25. Ne4 Qc6 26. Nbd2 Bxd2 27. Nxd2
Kg7 28. Re5 Bb7 29. Be4 Qd7 30. Qg3+ Ng6 31. h4 Rhe8 32. Nf3 Nf4 33. Re1 Bxe4
34. R1xe4 Rxe5 35. Nxe5 Qf5 36. Nxg6 Nxg6 37. Qxc7+ Kh6 38. Qc1+ Kg7 39. Qc7+
Kh6 40. Qc1+ Kg7 41. Qc7+ Kh6 42. f3 Rc8 43. Qg3 Rc1+ 44. Kh2 Rc2 45. Rg4 b3 46.
f4 Rc3 47. Rxg6+ hxg6 48. Qxc3 Qxf4+ 49. Kg1 Qxh4 50. d5 Qa4 51. d6 Qa1+ 52. Kh2
Qd1 53. Qe3+ g5 54. Qe6+ Kg7 55. Qe7+ Kg6 56. Qe6+ Kg7 57. d7 Qh5+ 58. Kg3 Qh4+
59. Kf3 Qh5+ 60. Ke3 Qd1 61. Qe7+ Kg6 62. d8=Q 1-0

[Event "56th ch-CUB 2019"]
[Site "Santa Clara CUB"]
[Date "2019.02.12"]
[Round "10.3"]
[White "Gonzalez Vidal, Yuri"]
[Black "Espinosa Veloz, Ermes"]
[Result "1/2-1/2"]
[WhiteTitle "GM"]
[BlackTitle "GM"]
[WhiteElo "2565"]
[BlackElo "2516"]
[WhiteFideId "3503321"]
[BlackFideId "3507424"]
[EventDate "2019.02.03"]
[EventType "tourn"]

1. e4 e5 2. Nf3 Nc6 3. Bc4 Bc5 4. d3 Nf6 5. Nc3 h6 6. Nd5 d6 7. c3 Nxd5 8. Bxd5
Qf6 9. h3 Ne7 10. Bb3 Ng6 11. O-O O-O 12. d4 Bb6 13. Be3 Nf4 14. Kh2 Re8 15. Bc2
Be6 16. Ng1 Bc4 17. Re1 exd4 18. Bxd4 Bxd4 19. cxd4 c5 20. Nf3 cxd4 21. Qxd4
Qxd4 22. Nxd4 Bd3 23. Rad1 Bxc2 24. Nxc2 Rac8 25. Nd4 Ne6 26. Re2 Nxd4 27. Rxd4
Rc6 28. Red2 Kf8 29. Kg3 Ke7 30. f4 Rec8 31. Kf3 Rb6 32. Ra4 a6 33. Rad4 Rc1 34.
b3 Rc3+ 35. Ke2 g5 36. fxg5 hxg5 37. Rd5 f6 38. R2d3 Rc2+ 39. Rd2 Rc3 40. R2d3
Rc2+ 1/2-1/2

[Event "56th ch-CUB 2019"]
[Site "Santa Clara CUB"]
[Date "2019.02.12"]
[Round "10.4"]
[White "Garcia Pantoja, Roberto"]
[Black "Ortiz Suarez, Isan Reynaldo"]
[Result "1/2-1/2"]
[WhiteTitle "IM"]
[BlackTitle "GM"]
[WhiteElo "2514"]
[BlackElo "2519"]
[WhiteFideId "3509265"]
[BlackFideId "3507165"]
[EventDate "2019.02.03"]
[EventType "tourn"]

1. e4 c5 2. Nf3 d6 3. d4 cxd4 4. Nxd4 Nf6 5. Nc3 a6 6. Bg5 e6 7. f4 h6 8. Bh4
Qb6 9. Qd2 Qxb2 10. Rb1 Qa3 11. Bxf6 gxf6 12. Be2 Be7 13. f5 h5 14. fxe6 fxe6
15. Bc4 Qc5 16. Bxe6 Nc6 17. Bxc8 Nxd4 18. Bxb7 Rb8 19. Bd5 Rxb1+ 20. Nxb1 Nxc2+
21. Ke2 Kd7 22. Rd1 Rc8 23. Bb3 f5 24. Qd3 Bh4 25. g3 Bf6 26. Nd2 Nd4+ 27. Kf1
Nxb3 28. Nxb3 Qc6 29. Re1 1/2-1/2

[Event "56th ch-CUB 2019"]
[Site "Santa Clara CUB"]
[Date "2019.02.12"]
[Round "10.5"]
[White "Martinez Duany, Lelys Stanley"]
[Black "Martinez Ramirez, Lennis"]
[Result "0-1"]
[WhiteTitle "GM"]
[BlackTitle "IM"]
[WhiteElo "2547"]
[BlackElo "2452"]
[WhiteFideId "3504727"]
[BlackFideId "3509079"]
[EventDate "2019.02.03"]
[EventType "tourn"]

1. Nf3 d5 2. d4 Nf6 3. c4 c6 4. Qb3 g6 5. Nc3 Bg7 6. Bf4 dxc4 7. Qxc4 b5 8. Qb3
Be6 9. Qc2 b4 10. Na4 Bf5 11. Qc1 O-O 12. e3 Nbd7 13. Nc5 Nxc5 14. Qxc5 Ne4 15.
Qxc6 Rc8 16. Qa4 e5 17. Bxe5 Bxe5 18. Nxe5 Qh4 19. Nd3 Nxf2 20. Nxf2 Rfe8 21.
Be2 Rxe3 22. O-O Rxe2 23. Qxa7 Rcc2 24. d5 Be4 25. Qb8+ Kg7 26. Qe5+ Kh6 27. g3
Qh5 28. Qxh5+ Kxh5 29. Rad1 Bf5 30. d6 Bd7 31. Rd4 g5 32. Rxb4 Bh3 33. Rb3 Bxf1
34. g4+ Kh4 35. d7 Re1 36. Re3 Rxe3 37. d8=Q Re1 38. Qa5 Ra1 39. Qd8 Bd3+ 0-1

[Event "56th ch-CUB 2019"]
[Site "Santa Clara CUB"]
[Date "2019.02.12"]
[Round "10.6"]
[White "Hernandez Gonzalez, William"]
[Black "Quesada Perez, Luis Ernesto"]
[Result "0-1"]
[WhiteTitle "IM"]
[BlackTitle "GM"]
[WhiteElo "2445"]
[BlackElo "2513"]
[WhiteFideId "3509915"]
[BlackFideId "3520773"]
[EventDate "2019.02.03"]
[EventType "tourn"]

1. e4 c5 2. Nf3 d6 3. Bb5+ Nd7 4. d4 cxd4 5. Qxd4 a6 6. Bxd7+ Bxd7 7. Nc3 e5 8.
Qb4 Bc6 9. O-O Qc7 10. Qb3 Nf6 11. Re1 h6 12. a4 Be7 13. Nd2 Bd7 14. Nd1 O-O 15.
a5 Qc6 16. c4 Bd8 17. Qd3 b6 18. axb6 Bxb6 19. b3 a5 20. Ba3 Bd4 21. Bb2 Bc5 22.
Ba3 Bxa3 23. Rxa3 Qc5 24. Ra1 a4 25. bxa4 Bxa4 26. Nc3 Bc6 27. Nb5 Rab8 28. Rab1
Rfd8 29. Qe2 Bd7 30. h3 Be6 31. Rec1 Ra8 32. Rb2 Rdc8 33. Qe3 Qxe3 34. fxe3 Rc6
35. Rc3 Ra1+ 36. Kh2 Rd1 37. Rcc2 Re1 38. Kg3 Nxe4+ 39. Kf3 Nf6 40. Kf2 Ra1 41.
Ra2 Rxa2 42. Rxa2 Bxc4 43. Ra8+ Kh7 44. Nxd6 Bd5 45. Rd8 Rc2 46. Ke1 Bxg2 47.
Nxf7 e4 48. h4 Kg6 49. Ne5+ Kf5 50. Nec4 Kg4 51. Kf2 Kh3 52. Ne5 h5 53. Ng6 Ng4+
54. Ke1 Bf3 0-1

[Event "56th ch-CUB 2019"]
[Site "Santa Clara CUB"]
[Date "2019.02.13"]
[Round "11.1"]
[White "Quesada Perez, Luis Ernesto"]
[Black "Albornoz Cabrera, Carlos Daniel"]
[Result "0-1"]
[WhiteTitle "GM"]
[BlackTitle "IM"]
[WhiteElo "2513"]
[BlackElo "2577"]
[WhiteFideId "3520773"]
[BlackFideId "3518736"]
[EventDate "2019.02.03"]
[EventType "tourn"]

1. c4 Nf6 2. g3 g6 3. Bg2 Bg7 4. Nc3 d6 5. e4 O-O 6. Nge2 c5 7. O-O Nc6 8. d3 a6
9. h3 Rb8 10. a4 Nd7 11. Be3 Nd4 12. f4 e6 13. Rb1 b6 14. b4 Bb7 15. Qd2 f5 16.
Kh2 Kh8 17. Ng1 cxb4 18. Rxb4 a5 19. Rbb1 Nc5 20. Nf3 e5 21. exf5 gxf5 22. Ne1
Bc8 23. Qd1 Bd7 24. Rf2 exf4 25. Bxf4 Nde6 26. Bd2 f4 27. Rxf4 Nxf4 28. gxf4 Ne6
29. Nd5 Bc6 30. Qg4 Bxd5 31. cxd5 Nxf4 32. Be4 Ng6 33. Bxg6 Rf2+ 34. Kg1 Qf6 35.
Be4 Rf1+ 36. Kh2 Qf2+ 37. Ng2 Be5+ 38. Bf4 Bxf4+ 39. Qxf4 Qg1+ 40. Kg3 Rg8+ 41.
Kh4 Rxf4+ 0-1

[Event "56th ch-CUB 2019"]
[Site "Santa Clara CUB"]
[Date "2019.02.13"]
[Round "11.2"]
[White "Martinez Ramirez, Lennis"]
[Black "Hernandez Gonzalez, William"]
[Result "1/2-1/2"]
[WhiteTitle "IM"]
[BlackTitle "IM"]
[WhiteElo "2452"]
[BlackElo "2445"]
[WhiteFideId "3509079"]
[BlackFideId "3509915"]
[EventDate "2019.02.03"]
[EventType "tourn"]

1. b3 g6 2. Bb2 Nf6 3. e4 d6 4. Nf3 Bg7 5. d3 O-O 6. Nbd2 e5 7. Be2 c5 8. Nc4
Nc6 9. a4 Re8 10. O-O b6 11. Nfd2 Nd4 12. Bxd4 cxd4 13. Bf3 Bb7 14. Re1 a6 15.
a5 b5 16. Nb6 Rb8 17. Bg4 Qc7 18. Ra2 Bh6 19. Nb1 Rbd8 1/2-1/2